000 00426nam a2200169Ia 4500
005 20250508151031.0
008 008 250505s9999 xx 000 0 hin d
037 _aTextual
040 _aFEDL
_beng
_cFEDL
041 _ahin
_2eng
084 _a891.491, MOH
_qFEDL
100 _aMohan Lal
245 0 _aMarwari geet sangrah
300 _a280p.
942 _cTEXL
_h891.491, MOH
999 _c1327183
_d1327183